000 00533nam 22001693 4500
001 32586
010 _a0-19-516234-X
090 _a32586
100 _a20260317d u||y0pory50 ba
101 _aeng
200 _aMonitoring and Predicting Agricultural Drought
_eA Global Study
_fVijendra K. Boken
_gArthur P. Cracknell, Ronald L. Heathcote
210 _aNew York
_cOxford University Press
_d2005
215 _a472 p.
_d23 cm
317 _5Instituto de Meteorologia
606 _xAgrometeorologia
_xSeca agrícola
_923773
801 _gISBD
942 _n0